000 00423nam a22001337a 4500
003 SGT
082 _a617.692
_bC13Y
100 _aTANVI, YADAV
245 _aCLINICAL EVALUATION OF VENEERING TECHNIQUES: DIRECT PREFABRICATED COMPOSITE VENEERING VERSUS DIRECT COMPOSITE BUILD-UP VENEERING TECHNIQUE
260 _aDELHI NCR
_bSGT UNIVERSITY GURUGRAM
_c2013
300 _a1-87
650 _aPROSTHODONTICS
942 _2ddc
_cTH
999 _c16183
_d16183